| 000 | 01010nam a2200253 i 4500 | ||
|---|---|---|---|
| 001 | bg | ||
| 245 | 0 | 0 |
_aArchitektura Wrocławia. _nT. 3, _pŚwiątynia / _cpod red. Jerzego Rozpędowskiego ; Instytut Historii Architektury, Sztuki i Techniki Politechniki Wrocławskiej. |
| 260 |
_aWrocław : _b"Werk", _c1997. |
||
| 300 |
_a488 s., [4] s. tabl. kolor. : _bil., faks., fot., mapy, pl., portr. ; _c24 cm. |
||
| 500 | _aStreszcz. niem. przy pracach. - Opis il. równol. pol., niem. | ||
| 650 | 9 |
_aArchitektura sakralna niemiecka _xhistoria |
|
| 650 | 9 |
_aArchitektura sakralna polska _xhistoria |
|
| 651 | 9 |
_aWrocław _xbudownictwo _xhistoria |
|
| 655 | _aMateriały konferencyjne | ||
| 700 | 1 |
_aROZPĘDOWSKI, Jerzy. _eRed. |
|
| 710 | 0 |
_aPolitechnika Wrocławska _bInstytut Historii Architektury, Sztuki i Techniki |
|
| 020 | _a8390739755 | ||
| 040 | _cBPK | ||
| 041 | 0 |
_aplde _bde |
|
| 080 | _a726.5/.7(438)(061)A/Z | ||
| 920 | _a83-907397-5-5 | ||
| 942 | _cKS | ||
| 008 | s pl f |000 0 pol | ||
| 999 |
_c34514 _d34514 |
||
| 856 |
_uhttp://koha.tu.koszalin.pl/cgi-bin/koha/opac-detail.pl?biblionumber=34514 _yKatalog online BPK |
||